Cities of the Province in Netherlands: Groningen - Statistics

General Stats
  • This quiz has been taken 114 times
  • The average score is 5 of 7
Answer Stats
City % Correct
Groningen
100%
Delfzijl
81%
Stadskanaal
73%
Veendam
69%
Winschoten
69%
Appingedam
61%
Hoogezand-Sappemeer
32%
No matching quizzes found
Score Distribution
Percent of People with Each Score
Percentile by Number Answered
Your Score History
You have not taken this quiz